Statistics for Name the UK political parties

Click here to take the quiz!

General Stats

  • This quiz has been taken 80 times
  • The average score is 11 of 17

Answer Stats

HintAnswer% Correct
Official OppositionLabour
100%
Party with Nigel Farage as leaderUKIP
97%
Lost around 50 MPsLiberal Democrats
96%
Won 56 seats in ScotlandSNP
96%
Party who won powerConservatives
85%
Held their one seat in BrightonGreen party
82%
Largest unionist party in Northern IrelandDUP
81%
Contest and won seats solely in WalesPlaid Cymru
81%
Largest Irish nationalist partySinn Fein
79%
Far right party whose support significantly reducedBNP
68%
Northern Irish party alligned with LabourSDLP
54%
Second largest unionist partyUUP
53%
Neither nationlist or unionist party in Northern IrelandAlliance
49%
Humour party ran by Alan 'Hauling Lord' HopeMonster Raving Loony
47%
Party wanting a devolved English ParliamentEnglish Democrats
38%
Far left party who have links with trade unionsTUSC
21%
Party focused solely on the NHSNational Health Action
9%

Score Distribution

Percentile by Number Answered

Percent of People with Each Score

Your Score History

You have not taken this quiz